| 000 | 00915nam a2200217 a 4500 | ||
|---|---|---|---|
| 001 | 000937892 | ||
| 003 | AM-YeHGA | ||
| 005 | 20250617161415.0 | ||
| 008 | 121219s1949 ||||||||||||||||||||rus d | ||
| 040 | _aAM-YeHGA | ||
| 041 | 0 | _arus | |
| 100 | 1 | _aТерпило, Н.И. | |
| 245 | 1 | 0 |
_aАнатомический атлас лекарственных растений / _cН.И. Терпило; Харьковский н.-и. химико-фармацевтический ин-т . |
| 260 |
_aХарьков : _bБ. и., _c1949. |
||
| 300 |
_a244 с. : _bил. |
||
| 650 | 1 | 4 | _aЛекарственные растения |
| 650 | 1 | 4 | _aАптечное дело |
| 650 | 1 | 4 | _aФармакогностические исследование |
| 710 | 2 | _aХарьковский научно-исследовательский химико-фармацевтический институт | |
| 090 | _c474319 | ||
| 999 |
_c471062 _d471062 |
||